00576nam a2200181Ia 4500008004100000020001800041082001400059100001900073245005500092250000800147260005000155300001500205600002100220650002100241942000800262952010700270999001700377241115s9999 xx 000 0 und d a0-02-421665-8 a006.3 TUR aTurban, Efraim 0aExpert Systems and Applied Artificial Intelligence a.NA aNew York:bMacmillan Publishing Companyc1992 axxii,804p. aComputer Science aComputer Science cBBD 001040708BB-CSaUITUbUITUd2006-02-24eFBCg77.50l0pBB1409r2024-11-15 09:47:30w0000-00-00yBBD c25902d25902